[Event "European Online Club-ch-H 2021"]
[Site "Online"]
[Date "2021.03.27"]
[Round "4.10"]
[White "Olsen, Filip Boe"]
[Black "Roux, Olivier"]
[Result "1/2-1/2"]
[WhiteElo "2379"]
[BlackElo "2156"]
[Annotator "NA"]
[PlyCount "154"]
[EventDate "2021.03.27"]
[EventType "team-tourn"]
[EventCountry "NET"]
[SourceTitle "playchess.com"]
[Source "ChessBase"]
[SourceQuality "1"]
[TimeControl "900+5"]

1. d4 {[%emt 0:00:00]} c5 {[%emt 0:00:03]} 2. d5 {[%emt 0:00:03]} Nf6 {[%emt 0:00:03]} 3. c4 {[%emt 0:00:04]} b5 {[%emt 0:00:02]} 4. cxb5 {[%emt 0:00:01]} a6 {[%emt 0:00:02]} 5. e3 {[%emt 0:00:01]} g6 {[%emt 0:00:03]} 6. Nc3 {[%emt 0:00:02]} d6 {[%emt 0:00:03]} 7. Nf3 {[%emt 0:00:01]} Bg7 {[%emt 0:00:07]} 8. a4 {[%emt 0:00:02]} O-O {[%emt 0:00:05]} 9. Ra3 {[%emt 0:00:01]} Nbd7 {[%emt 0:00:21]} 10. Be2 {[%emt 0:00:07]} axb5 {[%emt 0:00:07]} 11. axb5 {[%emt 0:00:03]} Bb7 {[%emt 0:00:23]} 12. O-O {[%emt 0:00:03]} Rxa3 {[%emt 0:00:21]} 13. bxa3 {[%emt 0:00:03]} Qa5 {[%emt 0:00:06]} 14. Qb3 {[%emt 0:00:29]} Ra8 {[%emt 0:00:10]} 15. a4 {[%emt 0:00:27]} Nb6 {[%emt 0:00:08]} 16. Bd2 {[%emt 0:00:02]} Nbxd5 {[%emt 0:01:22]} 17. Bc4 {[%emt 0:00:41]} Nxc3 {[%emt 0:01:10]} 18. Bxf7+ {[%emt 0:00:17]} Kh8 {[%emt 0:00:13]} 19. Bxc3 {[%emt 0:00:22]} Qxa4 {[%emt 0:00:05]} 20. Qxa4 {[%emt 0:00:53]} Rxa4 {[%emt 0:00:05]} 21. Ra1 {[%emt 0:00:05]} Rxa1+ {[%emt 0:00:30]} 22. Bxa1 {[%emt 0:00:03]} Ne4 {[%emt 0:00:17]} 23. Bxg7+ {[%emt 0:00:09]} Kxg7 {[%emt 0:00:02]} 24. Be8 {[%emt 0:00:15]} Kf6 {[%emt 0:01:00]} 25. Kf1 {[%emt 0:00:30]} e6 {[%emt 0:00:43]} 26. Ke2 {[%emt 0:00:42]} Ke7 {[%emt 0:00:23]} 27. Bc6 {[%emt 0:00:03]} Bxc6 {[%emt 0:00:03]} 28. bxc6 {[%emt 0:00:01]} d5 {[%emt 0:00:11]} 29. Ne5 {[%emt 0:00:46]} Kd6 {[%emt 0:00:06]} 30. f4 {[%emt 0:00:01]} Nf6 {[%emt 0:00:33]} 31. h3 {[%emt 0:00:39]} Ng8 {[%emt 0:00:21]} 32. g4 {[%emt 0:00:11]} Ne7 {[%emt 0:00:03]} 33. Nf7+ {[%emt 0:00:06]} Kxc6 {[%emt 0:00:04]} 34. Ng5 {[%emt 0:00:02]} h6 {[%emt 0:00:34]} 35. Nxe6 {[%emt 0:00:06]} Kd6 {[%emt 0:00:05]} 36. Nd8 {[%emt 0:00:07]} Ng8 {[%emt 0:00:14]} 37. Kd3 {[%emt 0:00:30]} Kd7 {[%emt 0:00:43]} 38. Nb7 {[%emt 0:00:18]} Kc6 {[%emt 0:00:03]} 39. Nd8+ {[%emt 0:00:01]} Kd7 {[%emt 0:00:03]} 40. Nf7 {[%emt 0:00:08]} Ke6 {[%emt 0:00:11]} 41. Ne5 {[%emt 0:00:25]} g5 {[%emt 0:00:08]} 42. Nf3 {[%emt 0:00:02]} gxf4 {[%emt 0:00:05]} 43. exf4 {[%emt 0:00:01]} Nf6 {[%emt 0:00:12]} 44. Nh4 {[%emt 0:01:00]} Ne4 {[%emt 0:00:38]} 45. Ke3 {[%emt 0:00:17]} Kf6 {[%emt 0:00:12]} 46. Nf3 {[%emt 0:00:27]} Nd6 {[%emt 0:00:54]} 47. Ne5 {[%emt 0:00:27]} Ne4 {[%emt 0:00:09]} 48. h4 {[%emt 0:00:39]} Ke6 {[%emt 0:00:11]} 49. Nf3 {[%emt 0:00:25]} Nd6 {[%emt 0:00:10]} 50. Ne5 {[%emt 0:00:09]} h5 {[%emt 0:00:29]} 51. gxh5 {[%emt 0:00:10]} Kf5 {[%emt 0:00:41]} 52. h6 {[%emt 0:00:09]} Kf6 {[%emt 0:00:03]} 53. h5 {[%emt 0:01:47]} Nf5+ {[%emt 0:00:04]} 54. Kf3 {[%emt 0:00:06]} c4 {[%emt 0:00:12]} 55. Nd7+ {[%emt 0:01:04]} Kf7 {[%emt 0:00:10]} 56. h7 {[%emt 0:00:03]} Kg7 {[%emt 0:00:03]} 57. Nf6 {[%emt 0:00:07]} c3 {[%emt 0:00:20]} 58. Ke2 {[%emt 0:00:18]} d4 {[%emt 0:00:06]} 59. Kd3 {[%emt 0:00:04]} Ne3 {[%emt 0:00:13]} 60. Ne4 {[%emt 0:01:14]} Kxh7 {[%emt 0:00:46]} 61. Nxc3 {[%emt 0:00:06]} Ng2 {[%emt 0:00:41]} 62. Nd5 {[%emt 0:00:11]} Kh6 {[%emt 0:00:03]} 63. Kxd4 {[%emt 0:00:01]} Kxh5 {[%emt 0:00:06]} 64. f5 {[%emt 0:00:01]} Nh4 {[%emt 0:00:16]} 65. f6 {[%emt 0:00:04]} Kg6 {[%emt 0:00:04]} 66. Ke5 {[%emt 0:00:03]} Nf3+ {[%emt 0:00:05]} 67. Ke6 {[%emt 0:00:03]} Ng5+ {[%emt 0:00:02]} 68. Ke7 {[%emt 0:00:02]} Kf5 {[%emt 0:00:07]} 69. Nc7 {[%emt 0:00:30]} Ke5 {[%emt 0:00:10]} 70. Ne8 {[%emt 0:00:02]} Kf5 {[%emt 0:00:29]} 71. Nd6+ {[%emt 0:00:02]} Kg6 {[%emt 0:00:03]} 72. Ne4 {[%emt 0:00:08]} Nf7 {[%emt 0:00:32]} 73. Nd2 {[%emt 0:00:05]} Nh6 {[%emt 0:00:18]} 74. Nf3 {[%emt 0:00:04]} Ng8+ {[%emt 0:00:02]} 75. Ke6 {[%emt 0:00:04]} Nxf6 {[%emt 0:00:01]} 76. Ne5+ {[%emt 0:00:02]} Kg5 {[%emt 0:00:03]} 77. Ng6 {[%emt 0:00:01]} Kxg6 {[%emt 0:00:02]} 1/2-1/2

[Event "European Online Club-ch-H 2021"]
[Site "Online"]
[Date "2021.03.27"]
[Round "4.11"]
[White "Kirszenberg, Marc"]
[Black "Pajeken, Jakob Leon"]
[Result "0-1"]
[WhiteElo "2130"]
[BlackElo "2323"]
[Annotator "NA"]
[PlyCount "40"]
[EventDate "2021.03.27"]
[EventType "team-tourn"]
[EventCountry "NET"]
[SourceTitle "playchess.com"]
[Source "ChessBase"]
[SourceQuality "1"]
[TimeControl "900+5"]

1. d4 {[%emt 0:00:00]} d5 {[%emt 0:00:02]} 2. c4 {[%emt 0:00:03]} dxc4 {[%emt 0:00:02]} 3. e3 {[%emt 0:00:02]} Nf6 {[%emt 0:00:03]} 4. Bxc4 {[%emt 0:00:01]} e6 {[%emt 0:00:02]} 5. Nf3 {[%emt 0:00:03]} c5 {[%emt 0:00:01]} 6. O-O {[%emt 0:00:01]} Nc6 {[%emt 0:00:04]} 7. Nc3 {[%emt 0:00:16]} a6 {[%emt 0:00:05]} 8. a4 {[%emt 0:00:45]} Be7 {[%emt 0:00:04]} 9. dxc5 {[%emt 0:01:33]} Qc7 {[%emt 0:00:03]} 10. h3 {[%emt 0:01:00]} Bxc5 {[%emt 0:00:11]} 11. Qe2 {[%emt 0:00:04]} O-O {[%emt 0:00:03]} 12. Rd1 {[%emt 0:00:10]} b6 {[%emt 0:00:16]} 13. Bd2 {[%emt 0:00:05]} Bb7 {[%emt 0:00:04]} 14. Rac1 {[%emt 0:00:01]} Rfd8 {[%emt 0:00:12]} 15. e4 {[%emt 0:00:33]} Nd4 {[%emt 0:00:39]} 16. Nxd4 {[%emt 0:00:02]} Rxd4 {[%emt 0:00:06]} 17. Bg5 {[%emt 0:00:22]} Rxc4 {[%emt 0:00:37]} 18. Bxf6 {[%emt 0:00:25]} gxf6 {[%emt 0:00:05]} 19. Rd3 {[%emt 0:00:53]} Bxe4 {[%emt 0:00:46]} 20. Rg3+ {[%emt 0:00:04]} Qxg3 {[%emt 0:00:06]} 0-1

[Event "European Online Club-ch-H 2021"]
[Site "Online"]
[Date "2021.03.27"]
[Round "4.12"]
[White "Arndt, Magnus"]
[Black "Moingt, Jean-Claude"]
[Result "1/2-1/2"]
[WhiteElo "2282"]
[BlackElo "2094"]
[Annotator "NA"]
[PlyCount "52"]
[EventDate "2021.03.27"]
[EventType "team-tourn"]
[EventCountry "NET"]
[SourceTitle "playchess.com"]
[Source "ChessBase"]
[SourceQuality "1"]
[TimeControl "900+5"]

1. d4 {[%emt 0:00:00]} Nf6 {[%emt 0:00:04]} 2. Bg5 {[%emt 0:00:18]} g6 {[%emt 0:00:03]} 3. Bxf6 {[%emt 0:00:13]} exf6 {[%emt 0:00:02]} 4. c4 {[%emt 0:00:01]} d5 {[%emt 0:00:27]} 5. cxd5 {[%emt 0:00:26]} Qxd5 {[%emt 0:00:04]} 6. Nc3 {[%emt 0:00:04]} Qd8 {[%emt 0:00:36]} 7. e3 {[%emt 0:00:20]} Bd6 {[%emt 0:00:08]} 8. Bc4 {[%emt 0:00:10]} O-O {[%emt 0:00:04]} 9. Nf3 {[%emt 0:00:11]} Nd7 {[%emt 0:00:23]} 10. Rc1 {[%emt 0:00:12]} f5 {[%emt 0:00:29]} 11. O-O {[%emt 0:00:31]} Nf6 {[%emt 0:00:58]} 12. Nb5 {[%emt 0:00:12]} c6 {[%emt 0:01:17]} 13. Nxd6 {[%emt 0:00:10]} Qxd6 {[%emt 0:00:07]} 14. Qb3 {[%emt 0:00:26]} Ne4 {[%emt 0:01:04]} 15. Rfd1 {[%emt 0:01:04]} b5 {[%emt 0:00:21]} 16. Bd3 {[%emt 0:00:28]} Be6 {[%emt 0:00:04]} 17. Qc2 {[%emt 0:00:07]} Bd5 {[%emt 0:00:03]} 18. Nd2 {[%emt 0:04:53]} Nxd2 {[%emt 0:01:06]} 19. Rxd2 {[%emt 0:00:00]} a5 {[%emt 0:00:33]} 20. a4 {[%emt 0:00:31]} bxa4 {[%emt 0:00:19]} 21. Qxa4 {[%emt 0:00:00]} Rfb8 {[%emt 0:00:04]} 22. Rc5 {[%emt 0:02:53]} Rb4 {[%emt 0:01:32]} 23. Qa3 {[%emt 0:00:07]} Rb3 {[%emt 0:00:08]} 24. Qa4 {[%emt 0:00:23]} Rb4 {[%emt 0:00:05]} 25. Qa3 {[%emt 0:00:03]} Rb3 {[%emt 0:00:02]} 26. Qa4 {[%emt 0:00:42]} Rb4 {[%emt 0:00:03]} 1/2-1/2

[Event "European Online Club-ch-H 2021"]
[Site "Online"]
[Date "2021.03.27"]
[Round "4.13"]
[White "Kryvoruchko, Yuriy"]
[Black "Nagy, Gabor"]
[Result "1-0"]
[WhiteElo "2699"]
[BlackElo "2509"]
[Annotator "ChessBase"]
[PlyCount "115"]
[EventDate "2021.03.27"]
[EventType "team-tourn"]
[EventCountry "NET"]
[SourceTitle "playchess.com"]
[Source "ChessBase"]
[SourceQuality "1"]
[TimeControl "900+5"]

1. e4 {[%emt 0:00:00]} c5 {[%emt 0:00:07]} 2. Nf3 {[%emt 0:00:02]} Nc6 {[%emt 0:00:02]} 3. Nc3 {[%emt 0:00:09]} e6 {[%emt 0:00:05]} 4. d4 {[%emt 0:00:05]} cxd4 {[%emt 0:00:02]} 5. Nxd4 {[%emt 0:00:01]} Qc7 {[%emt 0:00:02]} 6. g3 {[%emt 0:00:04]} a6 {[%emt 0:00:04]} 7. Bg2 {[%emt 0:00:02]} Nf6 {[%emt 0:00:02]} 8. O-O {[%emt 0:00:04]} Nxd4 {[%emt 0:00:05]} 9. Qxd4 {[%emt 0:00:02]} Bc5 {[%emt 0:00:01]} 10. Bf4 {[%emt 0:00:04]} d6 {[%emt 0:00:02]} 11. Qd2 {[%emt 0:00:02]} h6 {[%emt 0:00:01]} 12. Rad1 {[%emt 0:01:33]} e5 {[%emt 0:00:04]} 13. Be3 {[%emt 0:00:01]} Bb4 {[%emt 0:00:02]} 14. a3 {[%emt 0:00:32]} Bxc3 {[%emt 0:00:11]} 15. bxc3 {[%emt 0:00:14]} O-O {[%emt 0:02:28]} 16. Qxd6 {[%emt 0:00:04]} Qxc3 {[%emt 0:00:03]} 17. Bxh6 {[%emt 0:01:42]} Bg4 {[%emt 0:01:09]} 18. Rd3 {[%emt 0:00:40]} Qxc2 {[%emt 0:00:07]} 19. Bg5 {[%emt 0:01:36]} Ne8 {[%emt 0:02:25]} 20. Qd5 {[%emt 0:00:51]} Nc7 {[%emt 0:01:19]} 21. Rd2 {[%emt 0:00:22]} Qc3 {[%emt 0:00:43]} 22. Qa2 {[%emt 0:00:02]} Nb5 {[%emt 0:00:18]} 23. Be7 {[%emt 0:01:37]} Be6 {[%emt 0:00:28]} 24. Qb2 {[%emt 0:00:20]} Qxb2 {[%emt 0:00:03]} 25. Rxb2 {[%emt 0:00:02]} Rfe8 {[%emt 0:00:03]} 26. Bb4 {[%emt 0:00:08]} Rad8 {[%emt 0:01:10]} 27. f4 {[%emt 0:01:10]} f6 {[%emt 0:00:16]} 28. fxe5 {[%emt 0:00:11]} fxe5 {[%emt 0:00:02]} 29. Bf3 {[%emt 0:00:02]} g6 {[%emt 0:00:53]} 30. Bd1 {[%emt 0:00:56]} Bc4 {[%emt 0:00:21]} 31. Re1 {[%emt 0:00:05]} Nd4 {[%emt 0:00:08]} 32. Ba5 {[%emt 0:00:08]} Rd7 {[%emt 0:00:05]} 33. Rb6 {[%emt 0:00:10]} Re6 {[%emt 0:00:53]} 34. Bg4 {[%emt 0:00:28]} Rxb6 {[%emt 0:00:08]} 35. Bxb6 {[%emt 0:00:02]} Be6 {[%emt 0:00:25]} 36. Bxd4 {[%emt 0:00:28]} Bxg4 {[%emt 0:00:03]} 37. Bxe5 {[%emt 0:00:02]} Rd1 {[%emt 0:00:01]} 38. Rxd1 {[%emt 0:00:01]} Bxd1 {[%emt 0:00:02]} 39. Kf2 {[%emt 0:00:06]} Kf7 {[%emt 0:00:03]} 40. Ke3 {[%emt 0:00:04]} Ke6 {[%emt 0:00:02]} 41. Bc3 {[%emt 0:00:03]} Bg4 {[%emt 0:00:12]} 42. Kf4 {[%emt 0:00:02]} Bd1 {[%emt 0:00:07]} 43. Kg5 {[%emt 0:00:05]} Kf7 {[%emt 0:00:03]} 44. Kf4 {[%emt 0:00:12]} Ke6 {[%emt 0:00:06]} 45. h4 {[%emt 0:00:07]} b5 {[%emt 0:00:14]} 46. g4 {[%emt 0:00:07]} Be2 {[%emt 0:00:02]} 47. Kg5 {[%emt 0:00:03]} a5 {[%emt 0:00:33]} 48. Kxg6 {[%emt 0:00:48]} Bxg4 {[%emt 0:00:05]} 49. h5 {[%emt 0:00:02]} Bf3 {[%emt 0:00:17]} 50. e5 {[%emt 0:00:02]} b4 {[%emt 0:00:01]} 51. axb4 {[%emt 0:00:02]} axb4 {[%emt 0:00:02]} 52. Bb2 {[%emt 0:00:04]} Ke7 {[%emt 0:00:15]} 53. h6 {[%emt 0:00:06]} Kf8 {[%emt 0:00:02]} 54. h7 {[%emt 0:00:08]} Be4+ {[%emt 0:00:03]} 55. Kh6 {[%emt 0:00:02]} Bxh7 {[%emt 0:00:12]} 56. Kxh7 {[%emt 0:00:01]} Kf7 {[%emt 0:00:00]} 57. Kh6 {[%emt 0:00:02]} Ke6 {[%emt 0:00:03]} 58. Kg5 {[%emt 0:00:01]} 1-0

[Event "European Online Club-ch-H 2021"]
[Site "Online"]
[Date "2021.03.27"]
[Round "4.14"]
[White "Mihok, Oliver"]
[Black "Eljanov, Pavel"]
[Result "0-1"]
[WhiteElo "2540"]
[BlackElo "2672"]
[Annotator "TA"]
[PlyCount "152"]
[EventDate "2021.03.27"]
[EventType "team-tourn"]
[EventCountry "NET"]
[SourceTitle "playchess.com"]
[Source "ChessBase"]
[SourceQuality "1"]

{[%evp 20,152,-28,-27,-30,-28,-26,-14,-22,-20,0,-8,0,0,0,0,0,-12,-7,-37,-29,0,0,0,0,-25,-29,-23,118,-25,67,-6,-8,-18,-30,-52,-52,-66,-58,-60,-46,-59,-52,-72,-71,-91,-85,-83,-50,-50,-51,-117,-126,-140,-104,-124,-89,-87,-39,-27,-27,-46,-16,-11,-21,-52,0,0,0,0,0,0,0,0,0,-18,-16,-61,-60,-66,-82,-85,-89,-80,-8,-8,-7,-28,-18,-17,0,0,0,-13,-20,-393,-404,-393,-401,-380,-345,-315,-241,-235,-127,-667,-634,-682,-632,-749,-689,-738,-678,-740,-706,-29948,-29953,-29970,-29969,-29972,-29973,-29972,-29973,-29970,-29971,-29974,-29975,-29971,-29975,-29984,-29985,-29985,-29986,-29986,-29986]} 1. e4 {Movsesian,S} c6 2. d4 d5 3. Nd2 dxe4 4. Nxe4 Bf5 5. Ng3 Bg6 6. Bc4 Nf6 7. N1e2 e6 8. O-O Bd6 9. f4 Bf5 10. Nxf5 exf5 11. Ng3 g6 $1 {B18: Classical Caro-Kann: 4...Bf5 sidelines.} 12. Re1+ Kf8 13. Qf3 h5 {The position is equal.} 14. Nh1 {[#]} Na6 $146 {[%cal Bb8a6,Ba6b4,Bb4d5][%mdl 32]} ({Predecessor:} 14... Ne4 15. Bd3 Nf6 16. Bd2 Qc7 17. c4 c5 18. d5 Nbd7 19. Nf2 Kg7 20. Nh3 Rhe8 {½-½ (37) Movsesian,S (2631)-Malakhatko,V (2557) Moscow 2001 CBM 086 [Movsesian,S]}) 15. Nf2 Nb4 16. Bb3 a5 {aiming for ...a4.} 17. a3 Nbd5 18. c4 Nc7 19. h3 Ne6 20. Be3 Qb6 21. d5 $1 Nd4 22. Bxd4 Qxd4 {[%mdl 64] Double Attack} 23. dxc6 Qxf4 (23... Qb6 $11 {keeps the balance.}) 24. cxb7 (24. Qc3 $1 $16 {[%cal Rc3f6]} Qh4 25. c5 (25. cxb7 Rb8 $16)) 24... Rb8 (24... Qxf3 $1 $11 25. gxf3 Rb8) 25. Qxf4 (25. Qc3 $1 $14 Qh4 26. Re2 (26. c5 Bg3 $11)) 25... Bxf4 $11 26. Ba4 {Bc6 is the strong threat.} Rxb7 27. Bb5 Kg7 28. Rad1 Bg3 29. Re3 Bb8 (29... h4 {keeps more tension.} 30. Re2 Rhb8 31. Rd3 Bc7 32. Nd1 Bb6+) 30. Re2 Ba7 31. Kf1 h4 32. b4 Nh5 33. Nh1 Nf4 34. Red2 Be3 35. Rd6 (35. Rd7 $15 Rxd7 36. Rxd7) 35... axb4 $17 36. axb4 Rhb8 37. Re1 Bb6 38. Bc6 Ra7 {Hoping for ...Bc7.} 39. c5 Bc7 40. Rd4 Ra2 41. Rd7 Bd8 42. b5 Bf6 (42... Ba5 $15 43. Ra7 Nd3) 43. b6 $11 Rc2 44. b7 Rxc5 45. Bf3 Rb5 46. Nf2 Rd8 47. Rc7 Rd2 48. Rc8 Rdb2 $1 49. Ree8 Rb1+ 50. Nd1 Rxb7 51. Bxb7 Rxd1+ ({Better is} 51... Rxb7 $17 52. Rh8 Be5) 52. Re1 Rd3 53. Rce8 Bd4 {Threatening ...Rd2.} 54. Rd8 Nh5 {[%cal Rh5g3]} (54... Rd2 {with more complications.} 55. Ree8 Ne6 56. Rd7 Nc5 57. Ke1 Rxg2 58. Rxd4 Nxb7 59. Rc8 Rb2) 55. Ke2 Nf4+ 56. Kf1 Rd2 {White must now prevent ...Rf2+.} 57. Rb1 $2 {[%mdl 8192] Black converts the advantage convincingly.} (57. Ree8 $11 {and White has nothing to worry.}) 57... Rf2+ $19 58. Ke1 Nxg2+ 59. Bxg2 Rxg2 {[%mdl 4096] Endgame KRR-KRB} 60. Rb7 Bc3+ 61. Kf1 Rg3 (61... Rh2 $1 $19 62. Rd3 Be5) 62. Rdd7 $2 {[%mdl 8192]} (62. Rb3 $17) 62... Rxh3 63. Rxf7+ {[#]} Kh6 $1 64. Rb3 Rf3+ 65. Ke2 Rg3 66. Rc7 Be5 67. Rxg3 Bxg3 {KR-KB. Black mates.} 68. Rc8 g5 69. Rf8 {[#]} Kg6 $1 70. Rg8+ Kh5 71. Kf3 g4+ 72. Kg2 Be5 73. Re8 h3+ 74. Kf2 g3+ 75. Kf3 {[#]} g2 $1 76. Rg8 Bd4 {Weighted Error Value: White=0.30/Black=0.20} 0-1

[Event "European Online Club-ch-H 2021"]
[Site "Online"]
[Date "2021.03.27"]
[Round "4.15"]
[White "Kuzubov, Yuriy"]
[Black "Glek, Igor"]
[Result "1/2-1/2"]
[WhiteElo "2642"]
[BlackElo "2475"]
[Annotator "ChessBase"]
[PlyCount "41"]
[EventDate "2021.03.27"]
[EventType "team-tourn"]
[EventCountry "NET"]
[SourceTitle "playchess.com"]
[Source "ChessBase"]
[SourceQuality "1"]
[TimeControl "900+5"]

1. e4 {[%emt 0:00:00]} e6 {[%emt 0:00:03]} 2. d4 {[%emt 0:00:07]} d5 {[%emt 0:00:01]} 3. Nc3 {[%emt 0:00:01]} Nf6 {[%emt 0:00:02]} 4. Bg5 {[%emt 0:00:48]} dxe4 {[%emt 0:00:04]} 5. Nxe4 {[%emt 0:00:03]} Be7 {[%emt 0:00:01]} 6. Bxf6 {[%emt 0:00:03]} gxf6 {[%emt 0:00:02]} 7. g3 {[%emt 0:00:26]} f5 {[%emt 0:00:56]} 8. Nc3 {[%emt 0:00:05]} Bf6 {[%emt 0:00:02]} 9. Nf3 {[%emt 0:01:09]} Nc6 {[%emt 0:01:23]} 10. Bb5 {[%emt 0:00:18]} O-O {[%emt 0:00:04]} 11. Bxc6 {[%emt 0:00:27]} bxc6 {[%emt 0:00:03]} 12. Qe2 {[%emt 0:00:30]} c5 {[%emt 0:01:11]} 13. dxc5 {[%emt 0:00:09]} Bb7 {[%emt 0:00:04]} 14. O-O {[%emt 0:01:04]} Bxc3 {[%emt 0:00:53]} 15. bxc3 {[%emt 0:03:55]} Qd5 {[%emt 0:00:06]} 16. Qd2 {[%emt 0:00:07]} Qxf3 {[%emt 0:03:15]} 17. Qg5+ {[%emt 0:00:05]} Kh8 {[%emt 0:00:02]} 18. Qf6+ {[%emt 0:00:03]} Kg8 {[%emt 0:00:02]} 19. Qg5+ {[%emt 0:00:05]} Kh8 {[%emt 0:00:01]} 20. Qf6+ {[%emt 0:00:03]} Kg8 {[%emt 0:00:02]} 21. Qg5+ {[%emt 0:00:02]} 1/2-1/2

[Event "European Online Club-ch-H 2021"]
[Site "Online"]
[Date "2021.03.27"]
[Round "4.16"]
[White "Ahn, Martin"]
[Black "Baklan, Vladimir"]
[Result "0-1"]
[WhiteElo "2171"]
[BlackElo "2587"]
[Annotator "ChessBase"]
[PlyCount "58"]
[EventDate "2021.03.27"]
[EventType "team-tourn"]
[EventCountry "NET"]
[SourceTitle "playchess.com"]
[Source "ChessBase"]
[SourceQuality "1"]
[TimeControl "900+5"]

1. e4 {[%emt 0:00:00]} c5 {[%emt 0:00:04]} 2. Nf3 {[%emt 0:00:03]} Nc6 {[%emt 0:00:02]} 3. d4 {[%emt 0:00:02]} cxd4 {[%emt 0:00:01]} 4. Nxd4 {[%emt 0:00:02]} Nf6 {[%emt 0:00:02]} 5. Nc3 {[%emt 0:00:04]} d6 {[%emt 0:00:01]} 6. Be3 {[%emt 0:00:06]} Ng4 {[%emt 0:00:19]} 7. Bb5 {[%emt 0:00:13]} Nxe3 {[%emt 0:00:16]} 8. fxe3 {[%emt 0:00:01]} Bd7 {[%emt 0:00:03]} 9. O-O {[%emt 0:00:03]} e6 {[%emt 0:00:07]} 10. Bxc6 {[%emt 0:00:11]} bxc6 {[%emt 0:00:03]} 11. Qf3 {[%emt 0:00:04]} Qf6 {[%emt 0:00:56]} 12. Qe2 {[%emt 0:00:04]} Qg5 {[%emt 0:00:04]} 13. Rf3 {[%emt 0:00:20]} Be7 {[%emt 0:00:35]} 14. Rg3 {[%emt 0:00:17]} Qe5 {[%emt 0:01:45]} 15. Nf3 {[%emt 0:00:56]} Qc5 {[%emt 0:02:12]} 16. Rxg7 {[%emt 0:01:18]} Bf6 {[%emt 0:00:15]} 17. Rg3 {[%emt 0:00:06]} Rb8 {[%emt 0:00:46]} 18. e5 {[%emt 0:05:21]} Bxe5 {[%emt 0:00:09]} 19. Rg5 {[%emt 0:00:19]} Rxb2 {[%emt 0:01:27]} 20. Nxe5 {[%emt 0:02:16]} Qxc3 {[%emt 0:00:47]} 21. Nxd7 {[%emt 0:01:40]} Rxc2 {[%emt 0:00:19]} 22. Nf6+ {[%emt 0:01:15]} Qxf6 {[%emt 0:00:27]} 23. Qxc2 {[%emt 0:00:01]} Qxa1+ {[%emt 0:00:03]} 24. Kf2 {[%emt 0:00:02]} Qf6+ {[%emt 0:00:02]} 25. Kg1 {[%emt 0:00:28]} Qxg5 {[%emt 0:00:02]} 26. Qxc6+ {[%emt 0:00:02]} Kf8 {[%emt 0:00:03]} 27. Qxd6+ {[%emt 0:00:06]} Kg7 {[%emt 0:00:01]} 28. Qd4+ {[%emt 0:00:03]} e5 {[%emt 0:00:03]} 29. Qxa7 {[%emt 0:00:08]} Rd8 {[%emt 0:00:05]} 0-1

[Event "European Online Club-ch-H 2021"]
[Site "Online"]
[Date "2021.03.27"]
[Round "4.17"]
[White "Banusz, Tamas"]
[Black "Mamedov, Rauf"]
[Result "1/2-1/2"]
[WhiteElo "2631"]
[BlackElo "2654"]
[Annotator "TA"]
[PlyCount "92"]
[EventDate "2021.03.27"]
[EventType "team-tourn"]
[EventCountry "NET"]
[SourceTitle "playchess.com"]
[Source "ChessBase"]
[SourceQuality "1"]

{[%evp 15,92,16,15,7,15,0,12,20,23,20,14,33,19,2,3,0,0,0,0,0,0,-8,12,9,19,-3,18,19,20,0,0,0,0,0,0,-7,0,0,0,0,0,0,0,0,5,0,0,0,26,24,25,28,39,43,41,37,32,0,0,0,0,0,0,0,28,28,16,0,68,0,0,0,0,0,0,0,0,0,0]} 1. d4 Nf6 2. c4 g6 3. g3 c6 4. Bg2 d5 5. Nf3 Bg7 6. O-O O-O 7. Ne5 Ng4 8. cxd5 $1 {[%mdl 4] is recently more successful than 8.Nxg4.} cxd5 9. Bf4 {D79: Fianchetto Grünfeld: Symmetrical Variation (6 0-0 c6 7 cxd5 cxd5).} Nxe5 10. Bxe5 Bxe5 11. dxe5 Nc6 12. Qxd5 Qxd5 13. Bxd5 Nxe5 {[#]} 14. Na3 $146 ({Predecessor:} 14. Nc3 Bh3 15. Rfd1 Rac8 16. Rac1 b6 17. f3 h5 18. Kf2 Rfd8 19. Bb7 Rxd1 20. Rxd1 {½-½ (35) Ter Sahakyan,S (2640)-Petrosyan,M (2628) Yerevan 2021}) 14... Bd7 15. f4 Bc6 16. Rfd1 Rfd8 17. Bb3 Ng4 18. Nc4 Bb5 19. h3 Nf6 20. a4 Ba6 21. Ne5 e6 22. Bc4 Bxc4 23. Nxc4 Rac8 {[#] ...Rxd1+ is the strong threat.} 24. b3 Ne4 25. Kg2 Rd5 26. Rac1 b6 27. Kf3 Rxd1 28. Rxd1 $11 {[%mdl 4096] Endgame KRN-KRN} Nc5 29. Ne5 a5 30. Rd6 Nxb3 31. Rxb6 Nd4+ 32. Ke3 Nf5+ 33. Kf2 Rc2 34. Rb8+ Kg7 35. Rb7 Nd4 36. Nxf7 {Threatens to win with Ng5+.} Rxe2+ 37. Kf1 Ra2 38. Ng5+ Kg8 39. Rd7 Ne2 40. Ne4 h5 41. Ke1 Kf8 (41... h4 $11) 42. Nf6 (42. Rd2 $14 Nc1 43. Rxa2 Nxa2 44. Kd2) 42... Nxg3 {The position is equal.} 43. Nh7+ Ke8 44. Nf6+ Kf8 45. Nh7+ Ke8 46. Nf6+ Kf8 {Weighted Error Value: White=0.06/Black=0.07} 1/2-1/2